000 00304nam a2200121Ia 4500
008 150201s2012 xx 000 0 und d
082 _a6.6
_bDES
100 _aDesai,Apurva A
245 _aComputer graphics
260 _bPHI Learning Private Limited
_aNew Delhi
_c2012
300 _a347p.
942 _2ddc
_cBK
999 _c5555
_d5555